000 00610nam a2200217Ia 4500
005 20250508165430.0
008 008 250505s9999 xx 000 0 eng d
020 _a978-0-415-99440-8
037 _aTextBook
040 _aFEDL
_beng
_cFEDL
041 _aeng
_2eng
084 _a370.1, CAH/R
_qFEDL
100 _aCahn Steven M Ed.
245 0 _aPhilosophy of education: The essential texts
260 _aNew York, USA
_bRoutledge
_c2009
300 _aviii, 502p.
365 _aINR
_b175
546 _aFirst Indian reprint, 2014
942 _cTB
_h370.1, CAH/R
999 _c1395073
_d1395073